000 00545nam a2200181Ia 4500
008 090123s9999 xx 000 0 und d
082 _b3015
_a891.463/कदम
100 _aकदम बाबा
245 _aशेवटचे स्टेशन
250 _a1
260 _b"रंजना,कनकेश्वर"
300 _a152
600 _aकदम बाबा
630 _aशेवटचे स्टेशन
700 _aकदम बाबा
730 _aशेवटचे स्टेशन
942 _cBOOK
999 _c41095
_d41095